[Event "SLO-chT 06th"]
[Site "Bled"]
[Date "1996.??.??"]
[Round "6"]
[White "Krmelj, Natasa"]
[Black "Vospernik, Mira"]
[Result "1/2-1/2"]
[WhiteElo "2070"]
[BlackElo "2120"]
[PlyCount "26"]
[EventDate "1996.??.??"]
[EventType "team-tourn"]
[EventRounds "7"]
[EventCountry "SLO"]
[SourceTitle "CBM 055 Extra"]
[Source "ChessBase"]
[SourceDate "1997.01.01"]
[SourceVersion "1"]
[SourceVersionDate "1997.01.01"]
[SourceQuality "1"]
[WhiteTeam "Ptuj"]
[BlackTeam "Maribor SK Piramida"]
[WhiteTeamCountry "SLO"]
[BlackTeamCountry "SLO"]

1. d4 Nf6 2. c4 g6 3. Nc3 Bg7 4. e4 d6 5. f4 0-0 6. Nf3 c5 7. d5 Qa5 8. Bd2 Bg4 9. Bd3 Nfd7 10. 0-0 e5 11. dxe6 fxe6 12. Qc2 Bxf3 13. Rxf3 Qd8 1/2-1/2

[Event "Ptuj zt (Women)"]
[Site "Ptuj"]
[Date "1995.??.??"]
[Round "2"]
[White "Krmelj, Natasa"]
[Black "Goeschl, Ortrun"]
[Result "1-0"]
[WhiteElo "2045"]
[BlackElo "2000"]
[PlyCount "71"]
[EventDate "1995.04.??"]
[EventType "tourn"]
[EventRounds "11"]
[EventCountry "SLO"]
[SourceTitle "EXT 1997"]
[Source "ChessBase"]
[SourceDate "1996.11.15"]
[SourceVersion "1"]
[SourceVersionDate "1996.11.15"]
[SourceQuality "1"]

1. d4 Nf6 2. c4 e5 3. dxe5 Ng4 4. e3 Nxe5 5. Nh3 Bb4+ 6. Bd2 Bxd2+ 7. Qxd2 0-0 8. Be2 d6 9. Nf4 Nbd7 10. 0-0 Nf6 11. Nc3 b6 12. Nfd5 Bb7 13. f4 Ned7 14. Rf3 Nxd5 15. Nxd5 Nf6 16. Qd4 Nxd5 17. cxd5 Qe7 18. e4 f6 19. Rc1 Rf7 20. Rfc3 Re8 21. Bf3 Qd8 22. Qa4 Ree7 23. Qxa7 c5 24. dxc6 Bxc6 25. Qa6 Ra7 26. Qd3 Bb7 27. e5 Ba6 28. Qd1 Rfc7 29. Rxc7 Rxc7 30. Rxc7 Qxc7 31. Qd5+ Kh8 32. exd6 Qc1+ 33. Kf2 Qxb2+ 34. Kg3 Qc3 35. d7 Qe1+ 36. Kh3 1-0

[Event "SLO-chT"]
[Site "Slovenia"]
[Date "1995.??.??"]
[Round "6"]
[White "Krmelj, Natasa"]
[Black "Grosar, Kiti"]
[Result "1/2-1/2"]
[WhiteElo "2085"]
[BlackElo "2225"]
[PlyCount "94"]
[EventDate "1995.??.??"]
[EventType "team"]
[EventRounds "7"]
[EventCountry "SLO"]
[SourceTitle "EXT 1998"]
[Source "ChessBase"]
[SourceDate "1997.11.17"]
[SourceVersion "1"]
[SourceVersionDate "1997.11.17"]
[SourceQuality "1"]

1. d4 Nf6 2. c4 g6 3. Nc3 Bg7 4. e4 d6 5. Be2 0-0 6. Bg5 h6 7. Be3 e5 8. d5 Nbd7 9. h4 Nc5 10. Qc2 c6 11. h5 cxd5 12. cxd5 Qa5 13. Bd2 Qb4 14. f3 Qb6 15. hxg6 fxg6 16. g4 h5 17. gxh5 Nxh5 18. 0-0-0 Nf4 19. Bf1 Bd7 20. Kb1 Rac8 21. Be3 Qa5 22. Bxc5 Qxc5 23. Qd2 b5 24. Nce2 Nh5 25. Bh3 Bh6 26. Qd3 Bxh3 27. Rxh3 Be3 28. Qc3 Qb6 29. Qe1 b4 30. Nc1 Rf7 31. Nge2 Qc5 32. Nb3 Qc2+ 33. Ka1 a5 34. f4 Qxe4 35. fxe5 Qxe5 36. Nxa5 Rc2 37. Qxb4 Rxe2 38. Nc4 Qf4 39. Qb8+ Kh7 40. Qxd6 Qxc4 41. Qe6 Rc7 42. Rxh5+ gxh5 43. Qf5+ Kg7 44. Qe5+ Kf8 45. Qh8+ Kf7 46. Qxh5+ Kf6 47. Qh8+ Kf5 1/2-1/2

[Event "SLO-chT"]
[Site "Slovenia"]
[Date "1995.??.??"]
[Round "1"]
[White "Krmelj, Natasa"]
[Black "Stevanec, Lea"]
[Result "1-0"]
[WhiteElo "2085"]
[BlackElo "2060"]
[PlyCount "71"]
[EventDate "1995.??.??"]
[EventType "team"]
[EventRounds "7"]
[EventCountry "SLO"]
[SourceTitle "EXT 1998"]
[Source "ChessBase"]
[SourceDate "1997.11.17"]
[SourceVersion "1"]
[SourceVersionDate "1997.11.17"]
[SourceQuality "1"]

1. d4 Nf6 2. c4 g6 3. Nc3 d5 4. cxd5 Nxd5 5. e4 Nxc3 6. bxc3 Bg7 7. Bb5+ c6 8. Ba4 0-0 9. Ne2 e5 10. 0-0 b5 11. Bb3 Na6 12. Rb1 Re8 13. f4 exd4 14. f5 gxf5 15. Ng3 Nc5 16. Bxf7+ Kxf7 17. Nxf5 Bxf5 18. Rxf5+ Kg8 19. Rxc5 Rxe4 20. Bb2 Qd6 21. Rg5 Qf4 22. Bc1 Qf6 23. Rg3 dxc3 24. Be3 Rd8 25. Qc2 Rde8 26. Rf1 Qe5 27. Bh6 Qd4+ 28. Kh1 R8e7 29. Qb3+ Qc4 30. Qd1 Qd5 31. Qf3 Qd8 32. Bxg7 Rxg7 33. Rxg7+ Kxg7 34. Qxe4 Qd5 35. Qe7+ Kg6 36. Qf6+ 1-0

[Event "Zadar op (Women)"]
[Site "Zadar"]
[Date "1995.??.??"]
[Round "?"]
[White "Macek, Vlasta"]
[Black "Krmelj, Natasa"]
[Result "1-0"]
[WhiteElo "2260"]
[BlackElo "2060"]
[PlyCount "63"]
[EventDate "1995.12.??"]
[EventType "swiss"]
[EventRounds "9"]
[EventCountry "CRO"]
[SourceTitle "EXT 1998"]
[Source "ChessBase"]
[SourceDate "1997.11.17"]
[SourceVersion "1"]
[SourceVersionDate "1997.11.17"]
[SourceQuality "1"]

1. d4 Nf6 2. Nf3 c5 3. g3 e6 4. Bg2 cxd4 5. Nxd4 d5 6. 0-0 Be7 7. c4 0-0 8. cxd5 exd5 9. Nc3 Nc6 10. b3 Be6 11. Bb2 Qd7 12. Rc1 Bh3 13. Qd3 Rfd8 14. Rfd1 Bc5 15. Nxc6 bxc6 16. Na4 Be7 17. Bxh3 Qxh3 18. Bxf6 Bxf6 19. Rxc6 h5 20. Qf3 d4 21. Nc5 Rac8 22. Rxc8 Qxc8 23. b4 h4 24. a3 Be7 25. Rc1 hxg3 26. hxg3 Qc7 27. Kg2 Qe5 28. Nd3 Qd6 29. Qc6 Qb8 30. Rh1 Bd6 31. Qe4 Kf8 32. Rh8# 1-0

[Event "SLO-chT"]
[Site "Slovenia"]
[Date "1995.??.??"]
[Round "4"]
[White "Mihevc Mohr, Narcisa"]
[Black "Krmelj, Natasa"]
[Result "1-0"]
[WhiteElo "2220"]
[BlackElo "2120"]
[PlyCount "69"]
[EventDate "1995.??.??"]
[EventType "team"]
[EventRounds "7"]
[EventCountry "SLO"]
[SourceTitle "EXT 1998"]
[Source "ChessBase"]
[SourceDate "1997.11.17"]
[SourceVersion "1"]
[SourceVersionDate "1997.11.17"]
[SourceQuality "1"]

1. e4 c5 2. Nf3 e6 3. d4 cxd4 4. Nxd4 a6 5. Nc3 b5 6. Bd3 Bb7 7. 0-0 Nc6 8. Nxc6 Bxc6 9. Qe2 Nf6 10. e5 Nd5 11. Ne4 d6 12. Bg5 Qc7 13. exd6 Bxd6 14. Nxd6+ Qxd6 15. Qg4 h5 16. Qh4 f6 17. Bg6+ Kf8 18. Bd2 Be8 19. Bd3 g5 20. Qd4 e5 21. Qe4 Rd8 22. Ba5 Rc8 23. Rad1 Qc6 24. c3 Ne7 25. Bb4 Kf7 26. Qe2 Qe6 27. Bc2 Nd5 28. Bb3 Bc6 29. Rd2 Rcd8 30. Rfd1 Kg7 31. Qe1 Rd7 32. Rd3 Rhd8 33. Ba5 Rh8 34. Qd2 Qg4 35. Bxd5 1-0

[Event "SLO-ch (Women)"]
[Site "Ljubljana"]
[Date "1995.??.??"]
[Round "?"]
[White "Stumberger, Tania"]
[Black "Krmelj, Natasa"]
[Result "1-0"]
[WhiteElo "1815"]
[BlackElo "2085"]
[PlyCount "93"]
[EventDate "1995.??.??"]
[EventType "tourn"]
[EventRounds "9"]
[EventCountry "SLO"]
[SourceTitle "EXT 1997"]
[Source "ChessBase"]
[SourceDate "1996.11.15"]
[SourceVersion "1"]
[SourceVersionDate "1996.11.15"]
[SourceQuality "1"]

1. d4 Nf6 2. c4 e6 3. Nf3 c5 4. d5 d6 5. Nc3 exd5 6. cxd5 g6 7. e4 Bg7 8. Bd3 0-0 9. 0-0 Bg4 10. h3 Bxf3 11. Qxf3 a6 12. a4 Nbd7 13. Bf4 Qc7 14. Rfe1 Nh5 15. Bh2 Ne5 16. Qe2 Nxd3 17. Qxd3 Bd4 18. Qd2 Rfe8 19. Rac1 Qd7 20. Kh1 b5 21. axb5 axb5 22. b4 Ra3 23. f3 Rea8 24. Rc2 Rb3 25. bxc5 dxc5 26. Nb1 Ra1 27. Nc3 Raa3 28. Nd1 Rd3 29. Qe2 b4 30. Ra2 Qa4 31. Rxa3 Qxa3 32. d6 c4 33. d7 Bb6 34. e5 Rxd7 35. e6 fxe6 36. Qxe6+ Rf7 37. Qxb6 c3 38. Qd8+ Kg7 39. Be5+ Nf6 40. Bxf6+ Rxf6 41. Re7+ Rf7 42. Re8 h5 43. Qd4+ Kh6 44. Rh8+ Kg5 45. h4+ Kf5 46. Ne3+ Ke6 47. Re8+ 1-0

[Event "SLO-ch (Women)"]
[Site "Ljubljana"]
[Date "1995.??.??"]
[Round "?"]
[White "Zugaj, Zvijezdana"]
[Black "Krmelj, Natasa"]
[Result "0-1"]
[WhiteElo "1925"]
[BlackElo "2085"]
[PlyCount "80"]
[EventDate "1995.??.??"]
[EventType "tourn"]
[EventRounds "9"]
[EventCountry "SLO"]
[SourceTitle "EXT 1997"]
[Source "ChessBase"]
[SourceDate "1996.11.15"]
[SourceVersion "1"]
[SourceVersionDate "1996.11.15"]
[SourceQuality "1"]

1. e4 d5 2. exd5 Nf6 3. d4 Nxd5 4. c4 Nb6 5. Nc3 e5 6. Be3 exd4 7. Bxd4 Nc6 8. Bxb6 axb6 9. Qxd8+ Nxd8 10. 0-0-0 Bc5 11. f3 0-0 12. Kb1 Nc6 13. Bd3 Ne5 14. Nge2 Be6 15. b3 Nxd3 16. Rxd3 Bf5 17. Ne4 Rfe8 18. N2g3 Bg6 19. Rd7 Bd6 20. Rd1 h5 21. Rd5 Re5 22. Rxe5 Bxe5 23. Re7 Bd6 24. Rd7 h4 25. Ne2 Kf8 26. Kb2 Bxe4 27. fxe4 Ke8 28. Rxd6 cxd6 29. a4 Kd7 30. Kc3 Re8 31. Kd4 Re5 32. g3 hxg3 33. Nxg3 Rg5 34. Ke3 Rg6 35. Kf3 Rh6 36. Nf1 Rh3+ 37. Ng3 Rxh2 38. Nf5 Rh3+ 39. Ng3 Kc6 40. Kg4 Rxg3+ 0-1

[Event "SLO-chT"]
[Site "Slovenia"]
[Date "1994.??.??"]
[Round "?"]
[White "Krmelj, Natasa"]
[Black "Ankerst, Milka"]
[Result "1/2-1/2"]
[WhiteElo "2035"]
[BlackElo "2110"]
[PlyCount "89"]
[EventDate "1994.??.??"]
[EventType "team"]
[EventRounds "7"]
[EventCountry "SLO"]
[SourceTitle "EXT 1998"]
[Source "ChessBase"]
[SourceDate "1997.11.17"]
[SourceVersion "1"]
[SourceVersionDate "1997.11.17"]
[SourceQuality "1"]

1. d4 Nf6 2. c4 e6 3. Nc3 Bb4 4. f3 d5 5. a3 Bxc3+ 6. bxc3 0-0 7. e3 b6 8. cxd5 exd5 9. Bd3 Re8 10. Ne2 c5 11. 0-0 Nc6 12. Ng3 Be6 13. Qc2 Rc8 14. Qf2 Na5 15. Rb1 cxd4 16. cxd4 Rc3 17. Qd2 Qc8 18. e4 Nb3 19. Rxb3 Rxb3 20. e5 Nd7 21. Bb2 Rxd3 22. Qxd3 Nb8 23. f4 Qc4 24. Qd2 Rc8 25. f5 Bd7 26. f6 Qc2 27. Qg5 Qg6 28. Qxg6 hxg6 29. fxg7 Rc4 30. Rc1 Rxc1+ 31. Bxc1 Nc6 32. Bb2 Bg4 33. Nf1 Kxg7 34. Ne3 Be6 35. Bc3 f6 36. exf6+ Kxf6 37. Kf2 Ke7 38. h4 a5 39. Ke2 Na7 40. Kd3 Nb5 41. Bb2 Nd6 42. Bc1 Ne4 43. Nf1 Kd6 44. Nd2 Bf5 45. Nxe4+ 1/2-1/2

[Event "Pula PCA op"]
[Site "Pula"]
[Date "1994.??.??"]
[Round "?"]
[White "Sale, Srdjan"]
[Black "Krmelj, Natasa"]
[Result "1-0"]
[WhiteElo "2445"]
[BlackElo "2020"]
[PlyCount "73"]
[EventDate "1994.10.??"]
[EventType "swiss"]
[EventRounds "9"]
[EventCountry "CRO"]
[SourceTitle "EXT 1997"]
[Source "ChessBase"]
[SourceDate "1996.11.15"]
[SourceVersion "1"]
[SourceVersionDate "1996.11.15"]
[SourceQuality "1"]

1. Nf3 Nf6 2. g3 d5 3. Bg2 c6 4. 0-0 g6 5. b3 Bg7 6. Bb2 0-0 7. c4 Bf5 8. d3 Re8 9. Nbd2 Nbd7 10. Nd4 e5 11. Nxf5 gxf5 12. cxd5 Nxd5 13. a3 f4 14. Qc2 Re6 15. Rac1 fxg3 16. hxg3 N5b6 17. b4 Nf6 18. Bh3 Re7 19. Nf3 Nfd5 20. Kg2 Qd6 21. Bf5 Ree8 22. d4 e4 23. Bxe4 Nf6 24. Bd3 Nbd5 25. e4 Nf4+ 26. gxf4 Qxf4 27. Nh2 Nxe4 28. Rce1 Ng5 29. Qd1 Red8 30. Qg4 Qxg4+ 31. Nxg4 Bxd4 32. Bc1 Ne6 33. Bc4 Bc3 34. Re3 Nf4+ 35. Kf3 Bd4 36. Kxf4 Bxe3+ 37. Bxe3 1-0

[Event "Bled op (Women)"]
[Site "Bled"]
[Date "1993.??.??"]
[Round "?"]
[White "Krmelj, Natasa"]
[Black "Grinfeld, Alla B"]
[Result "0-1"]
[WhiteElo "2055"]
[BlackElo "2255"]
[PlyCount "120"]
[EventDate "1993.??.??"]
[EventType "swiss"]
[EventRounds "9"]
[EventCountry "SLO"]
[SourceTitle "TD"]
[Source "ChessBase"]
[SourceDate "1994.03.01"]
[SourceVersion "1"]
[SourceVersionDate "1994.03.01"]
[SourceQuality "1"]

1. d4 e6 2. c4 f5 3. Nc3 Nf6 4. g3 d5 5. Bg2 c6 6. e3 Bd6 7. Nge2 Qe7 8. 0-0 0-0 9. c5 Bc7 10. f4 b6 11. b4 bxc5 12. bxc5 Ba6 13. Rb1 Ba5 14. Na4 Bb5 15. Nb2 Ne4 16. Bxe4 fxe4 17. Bd2 Qc7 18. Rf2 Bxd2 19. Qxd2 Nd7 20. Nc3 Ba6 21. Qd1 Qa5 22. Nba4 Nf6 23. Rb3 Bc4 24. Rb1 Ba6 25. h3 h6 26. Qc1 Nd7 27. Rb3 Qc7 28. Rfb2 Rab8 29. Rxb8 Nxb8 30. Qd1 Nd7 31. a3 Qa5 32. Rb4 Qc7 33. Nb2 e5 34. Qg4 exd4 35. Qe6+ Kh8 36. exd4 Nf6 37. Nbd1 Bc8 38. Qe5 Qf7 39. Ne3 Bxh3 40. Rb2 Bg4 41. Rh2 Bf3 42. Nf5 Kh7 43. Qe7 Nh5 44. Qxf7 Rxf7 45. Nd6 Rf8 46. Nxd5 cxd5 47. c6 Nxg3 48. c7 Ne2+ 49. Kf2 Nxf4 50. c8Q Rxc8 51. Nxc8 a6 52. Rh4 g5 53. Rh2 h5 54. Nd6 Kg6 55. Nb7 h4 56. Nc5 Kh5 57. Nxa6 g4 58. Kg1 g3 59. Rb2 h3 60. Nc5 Ne2+ 0-1

[Event "Seefeld op 04th"]
[Site "Seefeld"]
[Date "1993.??.??"]
[Round "2"]
[White "Krmelj, Natasa"]
[Black "Laube, Bernhard"]
[Result "0-1"]
[WhiteElo "2045"]
[BlackElo "2250"]
[PlyCount "78"]
[EventDate "1993.09.??"]
[EventType "swiss"]
[EventRounds "9"]
[EventCountry "AUT"]
[SourceTitle "EXT 2000"]
[Source "ChessBase"]
[SourceDate "1999.11.16"]
[SourceVersion "1"]
[SourceVersionDate "1999.11.16"]
[SourceQuality "1"]

1. d4 Nf6 2. c4 g6 3. Nc3 Bg7 4. e4 d6 5. f4 0-0 6. Nf3 c5 7. d5 e6 8. Be2 exd5 9. cxd5 Re8 10. 0-0 Nxe4 11. Nxe4 Rxe4 12. Bd3 Re8 13. f5 Bxf5 14. Bxf5 gxf5 15. g3 Bf6 16. Bh6 Nd7 17. Qd3 Re4 18. Nd2 Ne5 19. Qc2 Ng4 20. Nxe4 fxe4 21. Qxe4 Nxh6 22. Qf4 Kg7 23. Kh1 Be5 24. Qf3 f5 25. Rae1 Qe7 26. g4 fxg4 27. Rg1 Rf8 28. Qb3 Kh8 29. Rgf1 Rxf1+ 30. Rxf1 Qh4 31. Qc2 g3 32. Rf8+ Kg7 33. Rb8 Qxh2+ 34. Qxh2 gxh2 35. Rxb7+ Kg6 36. Rb3 Ng4 37. Rf3 h5 38. b3 h4 39. Kg2 Bg3 0-1

[Event "Bled op (Women)"]
[Site "Bled"]
[Date "1993.??.??"]
[Round "?"]
[White "Krmelj, Natasa"]
[Black "Misanovic, Vesna"]
[Result "0-1"]
[WhiteElo "2055"]
[BlackElo "2385"]
[PlyCount "72"]
[EventDate "1993.??.??"]
[EventType "swiss"]
[EventRounds "9"]
[EventCountry "SLO"]
[SourceTitle "TD"]
[Source "ChessBase"]
[SourceDate "1994.03.01"]
[SourceVersion "1"]
[SourceVersionDate "1994.03.01"]
[SourceQuality "1"]

1. d4 d6 2. c4 g6 3. Nc3 f5 4. Nf3 Nf6 5. e3 Bg7 6. Bd3 0-0 7. 0-0 Nbd7 8. Ng5 Nb6 9. c5 dxc5 10. Qb3+ Nbd5 11. Bc4 e6 12. dxc5 c6 13. e4 fxe4 14. Ngxe4 b5 15. Be2 Nd7 16. Be3 b4 17. Nd1 a5 18. a3 a4 19. Qc2 b3 20. Qd2 Ba6 21. Bxa6 Rxa6 22. Ndc3 Ne5 23. Qe2 Nxc3 24. Nxc3 Qd3 25. Rfd1 Qxe2 26. Nxe2 Nc4 27. Bd4 Rd8 28. Rab1 Ra5 29. Kf1 Bxd4 30. Nxd4 Rxc5 31. Nxe6 Rxd1+ 32. Rxd1 Rd5 33. Rc1 Nxb2 34. Rxc6 Nd3 35. Rc7 Re5 36. Rg7+ Kh8 0-1

[Event "Seefeld op 04th"]
[Site "Seefeld"]
[Date "1993.??.??"]
[Round "4"]
[White "Krmelj, Natasa"]
[Black "Speck, Hans"]
[Result "0-1"]
[WhiteElo "2045"]
[BlackElo "2275"]
[PlyCount "66"]
[EventDate "1993.09.??"]
[EventType "swiss"]
[EventRounds "9"]
[EventCountry "AUT"]
[SourceTitle "EXT 2000"]
[Source "ChessBase"]
[SourceDate "1999.11.16"]
[SourceVersion "1"]
[SourceVersionDate "1999.11.16"]
[SourceQuality "1"]

1. d4 f5 2. Qd3 d5 3. g4 e6 4. Bh3 g6 5. Nf3 Nf6 6. Ne5 Nbd7 7. Bg5 Be7 8. gxf5 exf5 9. Nc3 c6 10. Nxd7 Bxd7 11. Bg2 Ne4 12. Bxe7 Qxe7 13. h4 0-0-0 14. e3 Rhe8 15. Ne2 Qb4+ 16. c3 Qxb2 17. 0-0 Nd2 18. Rfd1 Nc4 19. a4 a5 20. Nf4 Be6 21. Kf1 Bf7 22. Ke1 Qb6 23. Rdb1 Qc7 24. Kf1 Qe7 25. h5 Rd7 26. hxg6 hxg6 27. Ra2 g5 28. Ne2 Bg6 29. Re1 Qh7 30. Ng1 f4 31. e4 Bxe4 32. Rxe4 Rxe4 33. Bh3 Re1+ 0-1